Μάντεψε τη χώρα από την εικόνα #1 - Statistics

General Stats
  • This quiz has been taken 339 times
  • The average score is 6 of 15
Answer Stats
Picture Answer % Correct
Βραζιλία
94%
Αυστραλία
91%
Ιαπωνία
59%
Μεξικό
53%
Γερμανία
50%
Ηνωμένα Αραβικά Εμιράτα
40%
Ρωσσία
37%
Ταϊλάνδη
29%
Ισραήλ/Παλαιστίνη
24%
Ισλανδία
24%
Ινδία
19%
Καναδάς
18%
Νορβηγία
8%
Βενεζουέλα
5%
Νέα Ζηλανδία
3%
No matching quizzes found
Score Distribution
Percent of People with Each Score
Percentile by Number Answered
Your Score History
You have not taken this quiz